| Literature - European long fiction | 0 | 4 | 0 | 0 | 40 | 53 | 77.25 | 0 | 2 | 0.00 | 0.00 |
| Literature - World/Misc long fiction | 0 | 3 | 0 | 0 | 30 | 23 | 59.33 | 0 | 3 | 0.00 | 0.00 |
| Literature - World/Misc poetry | 0 | 3 | 0 | 0 | 30 | 67 | 79.67 | 2 | 3 | 0.00 | 0.00 |
| Literature - World/Misc drama | 0 | 2 | 0 | 0 | 20 | 48 | 67.50 | 0 | 2 | 0.00 | 0.00 |
| Literature - European poetry | 0 | 2 | 0 | 0 | 20 | 94 | 100.00 | 0 | 2 | 0.00 | 0.00 |
| Literature - American long fiction | 0 | 2 | 0 | 0 | 20 | 98 | 100.50 | 0 | 0 | 0.00 | 0.00 |
| Literature - European drama | 0 | 2 | 0 | 0 | 20 | 19 | 56.50 | 0 | 1 | 0.00 | 0.00 |
| Literature - American any | 0 | 2 | 0 | 0 | 20 | 60 | 78.00 | 1 | 1 | 0.00 | 0.00 |
| Literature - American poetry | 0 | 2 | 1 | 0 | 15 | 71 | 92.00 | 0 | 1 | 0.00 | 0.00 |
| Literature - European any | 0 | 1 | 0 | 0 | 10 | 36 | 36.00 | 1 | 1 | 0.00 | 0.00 |
| Social Science - IR | 0 | 1 | 0 | 0 | 10 | 130 | 130.00 | 0 | 1 | 0.00 | 0.00 |
| Art - Visual | 0 | 1 | 0 | 0 | 10 | 81 | 81.00 | 1 | 1 | 0.00 | 0.00 |
| Current Events/Modern World - Mixed/Any | 0 | 1 | 0 | 0 | 10 | 101 | 101.00 | 0 | 1 | 0.00 | 0.00 |
| History - American | 0 | 1 | 0 | 1 | 10 | 138 | 138.00 | 0 | 0 | 0.00 | 0.00 |
| Literature - American drama | 0 | 1 | 0 | 1 | 10 | 146 | 146.00 | 0 | 0 | 0.00 | 0.00 |
| Literature - American short fiction | 0 | 1 | 0 | 0 | 10 | 68 | 68.00 | 0 | 1 | 0.00 | 0.00 |
| Literature - British any | 0 | 1 | 0 | 1 | 10 | 136 | 136.00 | 0 | 0 | 0.00 | 0.00 |
| Literature - British drama | 0 | 1 | 0 | 0 | 10 | 91 | 91.00 | 0 | 1 | 0.00 | 0.00 |
| Literature - British short fiction | 0 | 1 | 0 | 0 | 10 | 133 | 133.00 | 0 | 0 | 0.00 | 0.00 |
| Literature - World/Misc short fiction | 0 | 1 | 0 | 1 | 10 | 146 | 146.00 | 0 | 0 | 0.00 | 0.00 |
| Philosophy - Ancient | 0 | 1 | 0 | 0 | 10 | 135 | 135.00 | 0 | 0 | 0.00 | 0.00 |
| Philosophy - Mixed/Any | 0 | 1 | 0 | 0 | 10 | 132 | 132.00 | 0 | 0 | 0.00 | 0.00 |
| Religion - Christianity/Judaism | 0 | 1 | 0 | 0 | 10 | 122 | 122.00 | 0 | 0 | 0.00 | 0.00 |
| Art - Other | 0 | 1 | 0 | 0 | 10 | 121 | 121.00 | 0 | 0 | 0.00 | 0.00 |
| Literature - British poetry | 0 | 1 | 1 | 0 | 5 | 88 | 88.00 | 0 | 0 | 0.00 | 0.00 |
| Literature - British long fiction | 0 | 1 | 1 | 0 | 5 | 62 | 62.00 | 0 | 1 | 0.00 | 0.00 |
| Current Events/Modern World - United States political | 0 | 0 | 1 | 0 | -5 | | 0.00 | 0 | 0 | 0.00 | 0.00 |
| Literature - European short fiction | 0 | 0 | 1 | 0 | -5 | | 0.00 | 0 | 0 | 0.00 | 0.00 |
| Literature - World/Misc any | 0 | 0 | 1 | 0 | -5 | | 0.00 | 0 | 0 | 0.00 | 0.00 |
| Current Events/Modern World - United States social | 0 | 0 | 1 | 0 | -5 | | 0.00 | 0 | 0 | 0.00 | 0.00 |